| 000 | 00659nam a2200229 a 4500 | ||
|---|---|---|---|
| 001 | 000029316 | ||
| 003 | DO-SdBNP | ||
| 005 | 20220914101805.0 | ||
| 007 | ta | ||
| 008 | 110414s2014 dr 000 0 spa d | ||
| 020 | _a9789945471762 | ||
| 040 |
_aDO-SdBNP _bspa _cBNPHU |
||
| 082 |
_axxx _bF363c |
||
| 100 | 1 | 0 |
_aFernández Luna, Lázaro Belio _982359 |
| 110 | _956201 | ||
| 245 | 1 | 0 |
_aEl cisne vencido : _bvida y muerte del Consejo Estatal del Azúcar (CEA) / _cLázaro Belio Fernández Luna |
| 260 |
_aSanto Domingo : _bAmigo del Hogar, _c2014 |
||
| 300 |
_a72 p. ; _c29 cm. |
||
| 590 | _aInventariado, 2022 / DG | ||
| 910 | _aDG | ||
| 942 |
_2ddc _cLBS1 |
||
| 999 |
_c52390 _d52390 |
||